| 000 | 00609nam a2200193Ia 4500 | ||
|---|---|---|---|
| 005 | 20221028150542.0 | ||
| 008 | 131103s9999 xx 000 0 und d | ||
| 040 | _aLoreto College | ||
| 041 | _aEnglish | ||
| 082 |
_a954.02 _bQAN |
||
| 100 | _aQanungo,Kalikaranjan | ||
| 245 |
_aSher Shah and his time _bAn old story retold by the author after decades from a fresh standpoint _cKalikaranjan Qanungo |
||
| 260 |
_aBombay _bOrient Longmans _c1965 |
||
| 300 | _axxi,459 p. | ||
| 504 | _aIncludes index and bibliographical references | ||
| 650 |
_aMedieval History _zIndia |
||
| 850 | _aLCLIB | ||
| 942 | _cBK | ||
| 999 |
_c9484 _d59963 |
||